|
|
|
|
| LEADER |
00000nab a2200000 a 4500 |
| 001 |
vtls000718907 |
| 003 |
SK-MaSNL |
| 005 |
20260302194925.0 |
| 008 |
180205c2000 xo 0 slo |
| 015 |
|
|
|a SNBRB2000/04-12006
|
| 035 |
|
|
|a CLN000071074
|
| 040 |
|
|
|a SNKBUCL
|b slo
|c SNKBUCL
|e AACR2
|
| 041 |
0 |
|
|a slo
|
| 044 |
|
|
|a xo
|c SK
|
| 080 |
|
|
|a 658.11.011.1:766
|2 UDC-MRF-SK2
|
| 100 |
1 |
|
|a Jaššo, Matej
|4 aut
|9 368458
|
| 245 |
1 |
0 |
|a CI - kľúč k úspechu firmy
|c Matej Jaššo
|
| 650 |
0 |
7 |
|a identita firemná
|2 snkbucl
|9 849378
|
| 655 |
|
7 |
|a články z novín a časopisov
|2 snkbucl
|9 267496
|
| 773 |
0 |
|
|x 1335-2016
|t Stratégie v reklame, marketingu a médiách
|g Č. 1 (2000), s. 15
|
| 850 |
|
|
|a Slovenská národná knižnica v Martine
|
| 852 |
|
|
|a SNK
|b KIS3GCP
|
| 958 |
|
|
|a RBX
|
| 999 |
|
|
|c 1450563
|d 1452493
|